000 00420nam a2200181Ia 4500
005 20250423101638.0
008 250422s9999 xx 000 0 und d
020 _a0-89930-676-4
050 _aHF 5736 .S25/
100 _aKaren L. Sampson
245 0 _aValue Added Records Management
260 _aNew York
260 _bQUORUM Books
260 _c1992
300 _a137 p
650 _aManagement
942 _cBK
999 _c36857
_d36857